Reflexiones imparciales sobre la humanidad de los españoles en Indias, contra los pretendidos filosofos, y politicos para servir de luz á las historias de los señores Raynal y Robertson / (Registro nro. 160824)
[ vista simple ]
| 000 -LEADER | |
|---|---|
| campo de control de longitud fija | 01352nam a2200253 i 4500 |
| 001 - NÚMERO DE CONTROL | |
| campo de control | 160824 |
| 003 - IDENTIFICADOR DE NÚMERO DE CONTROL | |
| campo de control | ES-MaACL |
| 005 - FECHA Y HORA DE LA ÚLTIMA TRANSACCIÓN | |
| campo de control | 20250730075636.0 |
| 008 - DATOS DE LONGITUD FIJA--INFORMACIÓN GENERAL | |
| campo de control de longitud fija | 990520s1783 sp |||| | spa d |
| 040 ## - FUENTE DE CATALOGACIÓN | |
| Centro catalogador/agencia de origen | CCPB | B |
| Lengua de catalogación | spa |
| Centro/agencia transcriptor | CCPB | B |
| 100 1# - ENTRADA PRINCIPAL--NOMBRE DE PERSONA | |
| Nombre de persona | Nuix, Juan ( |
| Fechas asociadas al nombre | 1740-1783) |
| 9 (RLIN) | 130549 |
| 245 10 - MENCIÓN DEL TÍTULO | |
| Título | Reflexiones imparciales sobre la humanidad de los españoles en Indias, contra los pretendidos filosofos, y politicos para servir de luz á las historias de los señores Raynal y Robertson / |
| Mención de responsabilidad, etc. | de Don Juan de Nuix de Perpiñá ; añadidas por el mismo autor ; y traducidas del idioma italiano al español por su hermano Don Josef de Nuix de Perpiñá... |
| 260 ## - PUBLICACIÓN, DISTRIBUCIÓN, ETC. | |
| Lugar de publicación, distribución, etc. | Cervera : |
| Nombre del editor, distribuidor, etc. | en la imprenta de la Pontificia y Real Universidad, |
| Fecha de publicación, distribución, etc. | 1783. |
| 300 ## - DESCRIPCIÓN FÍSICA | |
| Extensión | XXII, 523, [9] p. ; |
| Dimensiones | 4º. |
| 530 ## - NOTA DISPONIBLE DE FORMULARIO FÍSICO ADICIONAL | |
| Nota de formato físico adicional disponible | Disponible en formato digital. |
| 597 ## - NOTA DE DESCRIPCIÓN FÍSICA | |
| NOTA DE DESCRIPCIÓN FÍSICA | Sign. : [ ]1, ¶3, ¶4, ¶3, A-Z4, 2A-2Z4, 3A-3V4, X². |
| 600 14 - PUNTO DE ACCESO ADICIONAL DE MATERIA--NOMBRE DE PERSONA | |
| Nombre de persona | Raynal, Guillaume-Thomas ( |
| Fechas asociadas al nombre | 1713-1796) |
| 9 (RLIN) | 164574 |
| 600 14 - PUNTO DE ACCESO ADICIONAL DE MATERIA--NOMBRE DE PERSONA | |
| Nombre de persona | Robertson, William ( |
| Fechas asociadas al nombre | 1721-1793) |
| 9 (RLIN) | 164575 |
| 650 04 - PUNTO DE ACCESO ADICIONAL DE MATERIA--TÉRMINO DE MATERIA | |
| Término de materia o nombre geográfico como elemento de entrada | Indios de América- |
| Subdivisión general | Trato recibido |
| 9 (RLIN) | 13674 |
| 700 1# - ENTRADA AGREGADA--NOMBRE PERSONAL | |
| Nombre de persona | Nuix y Perpiñá, José de. |
| 9 (RLIN) | 86130 |
| 852 ## - LOCALIZACIÓN | |
| Ubicación | ES-MaACL |
| Número de control de estantería | R-372 |
| Nota libre | -- Enc. perg. |
| -- | -- Sello de Luis J. de la LLave |
| Encuadernación | Olim: C-3758 |
| 856 ## - LOCALIZACIÓN Y ACCESO ELECTRÓNICOS | |
| Identificador Uniforme de Recursos | <a href="http://bdh-rd.bne.es/viewer.vm?id=0000047942&page=1 ">http://bdh-rd.bne.es/viewer.vm?id=0000047942&page=1 </a> |
| Nota pública | Biblioteca Digital Hispánica |
| Estatus retirado | Estado de pérdida | Estado de daño | No para préstamo | Colección | Biblioteca de origen | Biblioteca actual | Ubicación en estantería | Fecha de adquisición | Fuente de adquisición | Total de préstamos | Signatura topográfica completa | Código de barras | Visto por última vez | Precio de reemplazo | Tipo de ítem Koha |
|---|---|---|---|---|---|---|---|---|---|---|---|---|---|---|---|
| Colección digital | Biblioteca del Ateneo de Madrid | Biblioteca del Ateneo de Madrid | Depósito | 17/01/2008 | R-372 | 1168414 | 23/02/2023 | 23/02/2023 | Libro impreso antiguo |
